Absolventská prax - zmeny v praxi
Čo je to absolventská prax, kto je považovaný za absolventa na účely výkonu absolventskej praxe. Ako sa vykonáva absolventská prax. Inštitút absolventskej praxe - zmeny.
Uložené v:
| Hlavný autor: | |
|---|---|
| Médium: | Kapitola |
| Jazyk: | Slovak |
| Predmet: | |
| Tagy: |
Žiadne tagy, Buďte prvý, kto otaguje tento záznam!
|
MARC
| LEADER | 00000naa a2200000 4500 | ||
|---|---|---|---|
| 001 | 0173532 | ||
| 005 | 20231120134036.5 | ||
| 041 | 0 | |a slo | |
| 044 | |a SK | ||
| 245 | 1 | 0 | |a Absolventská prax - zmeny v praxi |c Tomáš Sninčák |
| 520 | |a Čo je to absolventská prax, kto je považovaný za absolventa na účely výkonu absolventskej praxe. Ako sa vykonáva absolventská prax. Inštitút absolventskej praxe - zmeny. | ||
| 610 | 2 | 0 | |a absolventi |
| 610 | 2 | 0 | |a prax odborná |
| 610 | 2 | 0 | |a trh práce |
| 100 | 1 | |a Sninčák, Tomáš | |